Music from and inspired by the motion picture The longest yard.

Bibliographic Details
Corporate Authors: 216 (Musical group) (Performer), Taylor Made (Musical group) (Performer), Trillville (Musical group) (Performer), D12 (Musical group) (Performer)
Other Authors: Nelly (Rapper) (Performer), Lil Wayne (Performer), T. I., 1980- (Performer), Ali (Musician) (Performer), Big Gipp (Performer), Akon (Rapper) (Performer), WC (Rapper), 1970- (Performer), Chamillionaire, 1979- (Performer), Lee, Murphy (Performer), Banner, David (Performer)
Format: CD Audio
Language:English
Published: New York, NY : Universal Records : [2005]
Subjects:

MARC

Tag First Indicator Second Indicator Subfields
LEADER 00000cjm a2200000Ia 4500
001 in00002785879
005 20151202171600.0
007 sd fungnn|||ed
008 050614s2005 nyumunn n eng d
019 |a 123091457  |a 178894865  |a 760070916 
024 1 0 |a 602498814123 
024 1 |a 00602498814123 
028 0 2 |a B0004552-02  |b Universal Records 
035 |a (OCoLC)ocm60617624 
035 |a (OCoLC)60617624  |z (OCoLC)123091457  |z (OCoLC)178894865  |z (OCoLC)760070916 
040 |a JFN  |b eng  |c JFN  |d CPL  |d OCLCQ  |d BGU  |d TEF  |d BTCTA  |d DAD  |d GRR  |d OCLCQ  |d JSE  |d OCLCA  |d UtOrBLW 
047 |a mp  |a pp 
049 |a TXAM 
050 1 4 |a M1527.2  |b .M87 2005 
082 0 4 |a 782.4215/42  |2 22 
084 |a CD/MOVIE/MUSICAL/LON  |2 z 
090 |a M1527.2  |b M874 2005 
245 0 0 |a Music from and inspired by the motion picture The longest yard. 
246 3 0 |a Longest yard 
264 1 |a New York, NY :  |b Universal Records :  |c [2005] 
264 2 |a New York, NY :  |b Distributed by Universal Music & Video Distribution, 
264 4 |c ℗2005 
300 |a 1 sound disc (54 min.) :  |b digital ;  |c 4 3/4 in. 
336 |a performed music  |b prm  |2 rdacontent 
337 |a audio  |b s  |2 rdamedia 
338 |a audio disc  |b sd  |2 rdacarrier 
500 |a Rap. 
500 |a Compact disc. 
500 |a "Parental advisory, explicit content"--Container. 
508 |a Soundtrack album producers, Nelly and Kevin Law. 
511 1 |a Various artists. 
505 0 0 |t Errtime  |r (Nelly) --  |t Shorty bounce  |r (Lil' Wayne) --  |t Bounce like this  |r (T.I.) --  |t Let 'em fight  |r (Ali & Gipp) --  |t Stomp  |r (Murphy Lee) --  |t So fly  |r (Akon) --  |t U should know  |r (216) --  |t Whip yo ass  |r (W.C.) --  |t Talking that talk  |r (Chamillionaire & David Banner) --  |t Datz on my mama  |r (Taylor Made) --  |t Infultrate  |r (Trillville) --  |t My ballz  |r (D12) --  |t Fly away  |r (Nelly). 
500 |a Sound recording. 
650 0 |a Motion picture music  |v Excerpts. 
650 0 |a Rap (Music) 
655 7 |a Film soundtracks.  |2 lcgft 
655 7 |a Motion picture music.  |2 lcgft 
655 7 |a Rap (Music)  |2 lcgft 
700 0 |a Nelly  |c (Rapper),  |e performer. 
700 0 |a Lil Wayne,  |e performer. 
700 0 |a T. I.,  |d 1980-  |e performer. 
700 0 |a Ali  |c (Musician),  |e performer. 
700 0 |a Big Gipp,  |e performer. 
700 0 |a Akon  |c (Rapper),  |e performer. 
700 0 |a WC  |c (Rapper),  |d 1970-  |e performer. 
700 0 |a Chamillionaire,  |d 1979-  |e performer. 
700 1 |a Lee, Murphy,  |e performer. 
700 1 |a Banner, David,  |e performer. 
710 2 |a 216 (Musical group),  |e performer. 
710 2 |a Taylor Made (Musical group),  |e performer. 
710 2 |a Trillville (Musical group),  |e performer. 
710 2 |a D12 (Musical group),  |e performer. 
730 0 |a Longest yard (2005) 
740 0 2 |a Errtime. 
740 0 2 |a Shorty bounce. 
740 0 2 |a Bounce like this. 
740 0 2 |a Let 'em fight. 
740 0 2 |a Stomp. 
740 0 2 |a So fly. 
740 0 2 |a U should know. 
740 0 2 |a Whip yo ass. 
740 0 2 |a Talking that talk. 
740 0 2 |a Datz on my mama. 
740 0 2 |a Infultrate. 
740 0 2 |a My ballz. 
740 0 2 |a Fly away. 
948 |a cataloged  |b h  |c 2012/12/5  |d c  |e jstorlie  |f 9:36:39 am 
994 |a C0  |b TXA 
999 |a MARS 
999 f f |s 03270e29-dca6-3bba-9141-6ad5cbd31518  |i 46511d67-6b61-321c-ba64-941b8a2fdd61  |t 0 
952 f f |p ric  |a Texas A&M University  |b Rellis Campus  |c Joint Library Facility  |d Remote Storage  |t 0  |e M1527.2 M874 2005  |h Library of Congress classification  |i audio -- audio disc  |m A14841621202 
998 f f |a M1527.2 M874 2005  |t 0  |l Remote Storage